|
|
|
|
| LEADER |
01370nam a22003017a 4500 |
| 001 |
29830 |
| 003 |
BD-DhAAL |
| 005 |
20250623102035.0 |
| 008 |
171126t2013 bg a||| b||| 00| 0 eng d |
| 040 |
|
|
|a BD- DhAAL
|d BD- DhAAL
|
| 082 |
|
|
|a 331.1095492
|
| 245 |
|
|
|a Non-farm livelihood adaptation approaches and technologies in the context of climate change vulnerability :
|b Study report /
|c edited by Sanjib Kumar Saha, Mirza Shawkat Ali, and Shaila Shahid.
|
| 260 |
|
|
|a Dhaka :
|b Comprehensive Disaster Management Programme (CDMP II),
|c c2013.
|
| 300 |
|
|
|a x, 181 pages :
|b illustrations ;
|c 28 cm.
|
| 504 |
|
|
|a Includes bibliographical references (pages 180-181)
|
| 526 |
|
|
|a AAL
|
| 541 |
|
|
|a Complementary copy
|e 29830
|
| 650 |
|
|
|a Rural poor
|x Employment
|z India
|z Bangladesh.
|9 23914
|
| 650 |
|
|
|a Climatic changes
|x Environmental aspects
|z Bangladesh.
|9 28608
|
| 700 |
|
|
|a Saha, Sanjib Kumar.
|9 23915
|
| 700 |
|
|
|a Ali, Mirja Shawat.
|9 24939
|
| 700 |
|
|
|a Shahid, Shaila.
|9 24275
|
| 710 |
|
|
|a Comprehensive Disaster Management Programme (CDMP II).
|9 24030
|
| 710 |
|
|
|a Ministry of Disaster Management and Relief.
|9 24031
|
| 852 |
|
|
|a Ayesha Abed Library
|c General Stacks
|
| 942 |
|
|
|2 ddc
|c BK
|
| 999 |
|
|
|c 38619
|d 38619
|
| 952 |
|
|
|0 0
|1 0
|2 ddc
|4 0
|6 331_109549200000000_NON
|7 0
|9 62023
|a BRACUL
|b BRACUL
|c GEN
|d 2017-11-28
|l 0
|o 331.1095492 NON
|p 3010029830
|r 2017-11-28
|t 1
|w 2017-11-28
|y BK
|